000 02681nam a22003257a 4500
001 1730
003 FISKH
005 20231003161435.0
008 230921b cb ||||| |||| 00| 0 khr d
020 _a9789924340331
040 _aFISKH
_beng
_cFISKH
_dFISKH
082 _a509.031
100 _aTae-kwan, Kim
245 _a100 វិទ្យាសាស្រ្តអភិវត្តន៍ពិភពលោក /
_bពីម៉ាស៊ីនប្រើចំហាយទឹករបស់ស្តេវេនសុន រហូតដល់ការបង្កើតទូរស័ព្ទៈ
_cនិពន្ធដោយ គីម ថែខ្វាន់ និង អ៊ីម ហ្យងវុក -​ គូររូបដោយ មុន ផ្សងយុន - បកប្រែពីភាសាថៃដោយ វ៉ា សុវណ្ណរដ្ដ
250 _aបោះពុម្ពលើកទី ២​ មិថុនា ២០២០
260 _aPhnom Penh :
_bSipar,
_c2020.
300 _a105 pages :
_bcolor illustrations ;
_c23 cm
490 _aខ្ញុំចង់ដឹង
_v4
505 _aZ'
520 _aនៅក្នុងផ្នែកទី 4នៃសៀវភៅរូបថ្លុកកំប្លែងនេះ មានឈុតឆាកចំនួន 17 ផ្សេងទៀតរួមមានៈ ក្បាលរថភ្លើងដើរដោយថាមពល បច្ចេកទេសថតរូប ច្បាប់រូបវិទ្យា។ គីមីវិទ្យា និងជីវវិទ្យា ថ្នាំ sedative និងការបង្កើតឧបករណ៍ផ្សេងទៀតនៅក្នុងសតវត្សទី 19 ។ វានឹងក្លាយជាចំណេះដឹងបន្ថែមសម្រាប់អ្នកអានអំពីការអភិវឌ្ឍន៍វិទ្យាសាស្ត្រតាមលំដាប់លំដោយ។
520 _aIn part 4 of this comic book series, there are 17 scenes including: The steam powered locomotive, photo taking techniques, laws of physics; chemistry and biology, sedatives and other tools created in the 19th century.
521 8 _a1060
_bLexile estimate
521 8 _aZ'
_bRaz-Plus
650 _aការអភិវឌ្ឍ
_vវិទ្យាសាស្រ្ត
_xការបង្កើត
_yបច្ចេកទេស
650 _aDevelopment
_vScience
_xCreation
_yTechnique
700 _aHyeong-wook, Im
_eAuthor
700 _aSung-hun, Jung
_eillustrator
700 _aSovannrath, Va
_eTranslator
942 _2ddc
_cKHB
_n0
999 _c1730
_d1730